000 00526nam a22001697a 4500
003 BD-ChCU
005 20251210122656.0
008 251210b bg ||||| |||| 00| 0 ben d
040 _cBD-ChCU
082 _aM 523.3 SUN
100 _aSternig John.
_917942
245 _aThe Sun and other Stars :
_bour sun is a star, Stars are great hot masses of gas similar to our sun.//
_cJohn Sternig.
260 _aChicago.
_bDenoyer-Geppert.
_c1961
300 _a106.5x135.3 cm.
650 0 _aStars - Maps.
_917944
942 _2ddc
_cBK
_n0
999 _c110341
_d110341